La filmographie de Florence Pugh - Statistiques

Statistiques générales
  • Ce quiz a été pris 32 fois
  • Le résultat moyen est 7 sur 23
Statistiques - réponses
Années Films / Séries % Correct
2021 Black Widow
97%
2019 Midsommar
72%
2021 Hawkeye
59%
2022 Don't worry darling
55%
2019 Les filles du docteur March
48%
2023 Oppenheimer
41%
2019 Une famille sur le ring
41%
2022 The wonder
34%
2016 The young lady
31%
2014 The Falling
28%
2022 A good person
24%
2022 Le chat potté 2
24%
2018 King lear
21%
2018 Outlaw King : Le roi hors-la-loi
21%
2018 The little drummer girl
21%
2018 Les mauvais esprits
17%
2018 The passenger
14%
2015 Paradise lost
10%
2016 Marcella
7%
2020 Acting for a cause
3%
2020 Father of the bride part 3
3%
2019 In the time it takes to get there
3%
2018 Leading lady parts
3%
Aucun quiz correspondant
Distribution des résultats
% des personnes avec chaque résultat
Percentile par nombre de réponses
Votre historique - résultats
Vous n’avez pas pris ce quiz